[Event "2016 Girls Closed Championship"]
[Site "Manchester, NH"]
[Date "2016.06.27"]
[Round "4.2"]
[White "Feng, Maggie"]
[Black "Dong, Alice"]
[Result "1-0"]
[BlackElo "1953"]
[WhiteElo "2227"]
[LiveChessVersion "1.4.8"]

1. d4 {[%clk 1:30:56]} Nf6 {[%clk 1:30:43]} 2. c4 {[%clk 1:31:18]} e6
{[%clk 1:30:57]} 3. Nf3 {[%clk 1:31:39]} b6 {[%clk 1:31:02]} 4. g3
{[%clk 1:31:54]} Ba6 {[%clk 1:30:50]} 5. Qa4 {[%clk 1:32:05]} Be7
{[%clk 1:27:11]} 6. Bg2 {[%clk 1:31:55]} Bb7 {[%clk 1:27:22]} 7. O-O
{[%clk 1:31:09]} O-O {[%clk 1:27:30]} 8. Nc3 {[%clk 1:29:40]} c5 {[%clk 1:25:00]}
9. dxc5 {[%clk 1:29:29]} bxc5 {[%clk 1:23:01]} 10. Rd1 {[%clk 1:29:25]} d6
{[%clk 1:20:40]} 11. Bf4 {[%clk 1:28:41]} Nh5 {[%clk 1:19:24]} 12. Bxd6
{[%clk 1:01:39]} Bxd6 {[%clk 1:19:43]} 13. Nb5 {[%clk 1:01:59]} Bc6
{[%clk 1:19:49]} 14. Ne1 {[%clk 0:52:26]} a6 {[%clk 1:06:23]} 15. Bxc6
{[%clk 0:52:17]} Nxc6 {[%clk 1:06:48]} 16. Nxd6 {[%clk 0:52:34]} Nd4
{[%clk 1:07:12]} 17. Ne4 {[%clk 0:49:18]} Nxe2+ {[%clk 1:06:41]} 18. Kf1
{[%clk 0:49:09]} Nd4 {[%clk 1:06:45]} 19. Nxc5 {[%clk 0:47:11]} e5
{[%clk 1:06:46]} 20. Nb3 {[%clk 0:43:44]} Qf6 {[%clk 1:04:27]} 21. Nxd4
{[%clk 0:42:21]} exd4 {[%clk 1:04:50]} 22. Rd3 {[%clk 0:39:39]} Rfe8
{[%clk 1:04:38]} 23. Qd1 {[%clk 0:35:39]} Qh6 {[%clk 0:58:51]} 24. Kg1
{[%clk 0:31:15]} Nf6 {[%clk 0:52:16]} 25. Rxd4 {[%clk 0:29:25]} Ne4
{[%clk 0:52:32]} 26. Nf3 {[%clk 0:26:50]} Qb6 {[%clk 0:51:35]} 27. Qc2
{[%clk 0:17:11]} Qc6 {[%clk 0:51:33]} 28. Kg2 {[%clk 0:10:10]} Ng5
{[%clk 0:49:00]} 29. Qd3 {[%clk 0:10:06]} h6 {[%clk 0:48:48]} 30. Rd1
{[%clk 0:04:54]} Re6 {[%clk 0:47:06]} 31. h4 {[%clk 0:05:06]} Ne4
{[%clk 0:47:16]} 32. Rd8+ {[%clk 0:04:05]} Rxd8 {[%clk 0:47:21]} 33. Qxd8+
{[%clk 0:04:30]} Kh7 {[%clk 0:47:19]} 34. Qd5 {[%clk 0:04:45]} Qb6
{[%clk 0:46:35]} 35. Qd4 {[%clk 0:03:09]} Qb7 {[%clk 0:46:43]} 36. c5
{[%clk 0:02:07]} Qb5 {[%clk 0:46:10]} 37. b4 {[%clk 0:01:56]} Qe2
{[%clk 0:44:50]} 38. Re1 {[%clk 0:01:41]} Qc2 {[%clk 0:45:13]} 39. a3
{[%clk 0:01:41]} h5 {[%clk 0:44:49]} 40. Rf1 {[%clk 0:31:14]} Rg6
{[%clk 1:14:20]} 41. Ng5+ {[%clk 0:21:05]} Nxg5 {[%clk 1:14:29]} 42. hxg5
{[%clk 0:21:30]} Rxg5 {[%clk 1:14:45]} 43. Re1 {[%clk 0:21:11]} Rg4
{[%clk 1:13:57]} 44. Qd5 {[%clk 0:20:30]} Qg6 {[%clk 1:13:43]} 45. Re5
{[%clk 0:18:26]} Kh6 {[%clk 1:13:31]} 46. c6 {[%clk 0:12:39]} f6 {[%clk 1:13:22]}
47. c7 {[%clk 0:09:34]} Rxg3+ {[%clk 1:12:37]} 48. fxg3 {[%clk 0:09:59]} Qc2+
{[%clk 1:13:04]} 49. Kh3 {[%clk 0:10:19]} fxe5 {[%clk 1:13:24]} 50. Qe6+
{[%clk 0:10:43]} 1-0

[Event "2016 Girls Closed Championship"]
[Site "Manchester, NH"]
[Date "2016.06.27"]
[Round "4.3"]
[White "Virkud, Apurva"]
[Black "Yip, Carissa"]
[Result "1/2-1/2"]
[BlackElo "2196"]
[WhiteElo "1913"]
[LiveChessVersion "1.4.8"]

1. d4 {[%clk 1:30:58]} Nf6 {[%clk 1:30:46]} 2. c4 {[%clk 1:31:22]} g6
{[%clk 1:31:12]} 3. f3 {[%clk 1:31:42]} Bg7 {[%clk 1:31:38]} 4. e4
{[%clk 1:32:06]} d6 {[%clk 1:32:06]} 5. Nc3 {[%clk 1:32:30]} O-O {[%clk 1:32:29]}
6. Be3 {[%clk 1:32:50]} c5 {[%clk 1:32:54]} 7. d5 {[%clk 1:33:13]} e6
{[%clk 1:33:20]} 8. Qd2 {[%clk 1:33:24]} exd5 {[%clk 1:33:45]} 9. cxd5
{[%clk 1:33:46]} Re8 {[%clk 1:34:11]} 10. Be2 {[%clk 1:33:55]} a6
{[%clk 1:34:14]} 11. a4 {[%clk 1:34:09]} Qa5 {[%clk 1:33:53]} 12. Ra2
{[%clk 1:32:12]} h5 {[%clk 1:32:10]} 13. Bd3 {[%clk 1:28:05]} Nh7
{[%clk 1:23:28]} 14. Nge2 {[%clk 1:25:07]} Nd7 {[%clk 1:23:35]} 15. O-O
{[%clk 1:21:56]} Ne5 {[%clk 1:23:19]} 16. Kh1 {[%clk 1:18:43]} Qd8
{[%clk 1:21:48]} 17. Nc1 {[%clk 1:11:02]} b6 {[%clk 1:20:32]} 18. Be2
{[%clk 1:08:46]} Rb8 {[%clk 1:18:53]} 19. Nb3 {[%clk 1:04:27]} Ra8
{[%clk 1:10:48]} 20. Na1 {[%clk 1:02:10]} f5 {[%clk 1:08:19]} 21. Nc2
{[%clk 0:58:34]} fxe4 {[%clk 0:50:36]} 22. fxe4 {[%clk 0:47:54]} Bg4
{[%clk 0:41:56]} 23. Bf4 {[%clk 0:41:14]} Bxe2 {[%clk 0:36:09]} 24. Qxe2
{[%clk 0:40:32]} Nf7 {[%clk 0:30:52]} 25. Qd3 {[%clk 0:36:07]} Nhg5
{[%clk 0:26:04]} 26. Bxg5 {[%clk 0:31:13]} Qxg5 {[%clk 0:25:24]} 27. Ne1
{[%clk 0:29:00]} Ne5 {[%clk 0:24:36]} 28. Qe2 {[%clk 0:26:28]} Ng4
{[%clk 0:22:24]} 29. Nf3 {[%clk 0:24:02]} Qh6 {[%clk 0:19:48]} 30. Re1
{[%clk 0:13:21]} Bxc3 {[%clk 0:19:53]} 31. bxc3 {[%clk 0:13:41]} Re7
{[%clk 0:15:18]} 32. Qd3 {[%clk 0:12:00]} Rae8 {[%clk 0:14:33]} 33. Rc2
{[%clk 0:10:51]} Kg7 {[%clk 0:07:54]} 34. Kg1 {[%clk 0:08:53]} Qf4
{[%clk 0:06:24]} 35. Rce2 {[%clk 0:08:26]} Nf6 {[%clk 0:04:52]} 36. Nd2
{[%clk 0:06:40]} Ng4 {[%clk 0:03:59]} 37. Nf3 {[%clk 0:06:39]} b5
{[%clk 0:02:20]} 38. axb5 {[%clk 0:06:13]} axb5 {[%clk 0:02:47]} 39. Qxb5
{[%clk 0:05:18]} Nf6 {[%clk 0:02:00]} 40. Nd2 {[%clk 0:34:16]} Ng4
{[%clk 0:30:46]} 41. Nf3 {[%clk 0:33:22]} Nf6 {[%clk 0:28:02]} 1/2-1/2

[Event "2016 Girls Closed Championship"]
[Site "Manchester, NH"]
[Date "2016.06.27"]
[Round "4.4"]
[White "Wang, Annie"]
[Black "Nguyen, Emily"]
[Result "0-1"]
[BlackElo "1944"]
[WhiteElo "2061"]
[LiveChessVersion "1.4.8"]

1. d4 {[%clk 1:30:58]} d5 {[%clk 1:30:58]} 2. c4 {[%clk 1:31:23]} c6
{[%clk 1:31:25]} 3. cxd5 {[%clk 1:31:48]} cxd5 {[%clk 1:31:53]} 4. Nc3
{[%clk 1:32:09]} Nf6 {[%clk 1:32:21]} 5. Nf3 {[%clk 1:32:33]} Nc6
{[%clk 1:32:49]} 6. Bf4 {[%clk 1:32:51]} Bf5 {[%clk 1:33:16]} 7. Qb3
{[%clk 1:33:10]} Na5 {[%clk 1:33:42]} 8. Qa4+ {[%clk 1:33:30]} Bd7
{[%clk 1:34:08]} 9. Qc2 {[%clk 1:33:49]} e6 {[%clk 1:34:04]} 10. e3
{[%clk 1:33:42]} Rc8 {[%clk 1:34:30]} 11. Bd3 {[%clk 1:33:49]} Be7
{[%clk 1:34:53]} 12. O-O {[%clk 1:34:09]} O-O {[%clk 1:35:18]} 13. Ne5
{[%clk 1:34:03]} Nc4 {[%clk 1:35:42]} 14. Qe2 {[%clk 1:28:23]} b5
{[%clk 1:36:00]} 15. Nxd7 {[%clk 1:18:52]} Qxd7 {[%clk 1:36:09]} 16. b3
{[%clk 1:16:45]} b4 {[%clk 1:23:47]} 17. Na4 {[%clk 1:04:45]} Nb6
{[%clk 1:13:16]} 18. Nb2 {[%clk 0:54:49]} Bd6 {[%clk 1:04:07]} 19. Bxd6
{[%clk 0:47:14]} Qxd6 {[%clk 1:04:33]} 20. Ba6 {[%clk 0:47:16]} Rc3
{[%clk 1:02:12]} 21. Rfc1 {[%clk 0:45:45]} Ne4 {[%clk 0:59:28]} 22. Nd1
{[%clk 0:42:21]} Rc6 {[%clk 0:57:08]} 23. Rxc6 {[%clk 0:29:58]} Qxc6
{[%clk 0:57:32]} 24. f3 {[%clk 0:29:24]} Nf6 {[%clk 0:49:22]} 25. Nf2
{[%clk 0:22:51]} Nbd7 {[%clk 0:47:44]} 26. e4 {[%clk 0:20:02]} Nb8
{[%clk 0:43:17]} 27. Bb5 {[%clk 0:18:30]} Qb6 {[%clk 0:36:02]} 28. e5
{[%clk 0:10:11]} Nfd7 {[%clk 0:35:10]} 29. Rd1 {[%clk 0:09:47]} Nc6
{[%clk 0:33:17]} 30. Bxc6 {[%clk 0:07:47]} Qxc6 {[%clk 0:33:44]} 31. Qd2
{[%clk 0:08:04]} Qb7 {[%clk 0:30:56]} 32. Nd3 {[%clk 0:07:01]} a5
{[%clk 0:30:02]} 33. Nf4 {[%clk 0:06:54]} Rc8 {[%clk 0:25:43]} 34. Nh5
{[%clk 0:05:54]} h6 {[%clk 0:23:42]} 35. Qf2 {[%clk 0:05:41]} Nf8
{[%clk 0:23:18]} 36. h3 {[%clk 0:05:24]} Qc6 {[%clk 0:22:37]} 37. Kh2
{[%clk 0:04:42]} Qc2 {[%clk 0:22:05]} 38. Rd2 {[%clk 0:05:02]} Qb1
{[%clk 0:20:04]} 39. f4 {[%clk 0:04:58]} Rc1 {[%clk 0:18:14]} 40. Ng3
{[%clk 0:34:51]} h5 {[%clk 0:42:55]} 41. Rb2 {[%clk 0:25:17]} Qa1
{[%clk 0:35:05]} 42. Nxh5 {[%clk 0:14:43]} Rh1+ {[%clk 0:34:26]} 43. Kg3
{[%clk 0:15:06]} Qd1 {[%clk 0:33:52]} 44. Qe2 {[%clk 0:09:58]} Qxd4
{[%clk 0:31:39]} 45. Rc2 {[%clk 0:09:44]} Re1 {[%clk 0:26:05]} 46. Qxe1
{[%clk 0:05:44]} Qd3+ {[%clk 0:26:31]} 47. Kh2 {[%clk 0:06:06]} Qxc2
{[%clk 0:26:57]} 48. Qg3 {[%clk 0:05:39]} Ng6 {[%clk 0:26:31]} 49. Qg5
{[%clk 0:05:41]} Qe4 {[%clk 0:24:06]} 50. Qd8+ {[%clk 0:05:25]} Kh7
{[%clk 0:24:00]} 51. Qxa5 {[%clk 0:04:29]} Nh4 {[%clk 0:20:10]} 52. Kg3
{[%clk 0:04:48]} Qe1+ {[%clk 0:18:50]} 53. Kg4 {[%clk 0:04:11]} Nf5
{[%clk 0:18:15]} 54. g3 {[%clk 0:03:29]} Kg6 {[%clk 0:17:27]} 55. h4
{[%clk 0:02:40]} Qd1+ {[%clk 0:17:14]} 56. Kh3 {[%clk 0:03:04]} Qh1+
{[%clk 0:17:38]} 0-1

[Event "2016 Girls Closed Championship"]
[Site "Manchester, NH"]
[Date "2016.06.27"]
[Round "4.5"]
[White "Bykovtsev, Agata"]
[Black "Xiang, Evan"]
[Result "1/2-1/2"]
[BlackElo "1806"]
[WhiteElo "2158"]
[LiveChessVersion "1.4.8"]

1. e4 {[%clk 1:30:57]} d5 {[%clk 1:30:56]} 2. exd5 {[%clk 1:31:24]} Qxd5
{[%clk 1:31:22]} 3. Nc3 {[%clk 1:31:30]} Qd6 {[%clk 1:31:46]} 4. d4
{[%clk 1:31:01]} Nf6 {[%clk 1:32:07]} 5. Bd3 {[%clk 1:28:14]} g6 {[%clk 1:31:43]}
6. Nge2 {[%clk 1:28:13]} Bg7 {[%clk 1:30:35]} 7. Bf4 {[%clk 1:27:21]} Qd8
{[%clk 1:30:36]} 8. Qd2 {[%clk 1:22:16]} a6 {[%clk 1:29:43]} 9. Bc4
{[%clk 1:19:27]} b5 {[%clk 1:29:05]} 10. Bb3 {[%clk 1:19:11]} Bb7
{[%clk 1:28:17]} 11. f3 {[%clk 1:11:05]} Nbd7 {[%clk 1:25:28]} 12. Bh6
{[%clk 1:07:57]} O-O {[%clk 1:25:14]} 13. Bxg7 {[%clk 1:01:37]} Kxg7
{[%clk 1:25:38]} 14. a4 {[%clk 0:58:31]} b4 {[%clk 1:22:30]} 15. Na2
{[%clk 0:58:53]} a5 {[%clk 1:22:51]} 16. c4 {[%clk 0:56:44]} e5 {[%clk 1:20:04]}
17. O-O-O {[%clk 0:51:27]} exd4 {[%clk 1:18:26]} 18. Qxd4 {[%clk 0:51:40]} Qe7
{[%clk 1:17:50]} 19. Ng3 {[%clk 0:40:03]} Nc5 {[%clk 1:13:40]} 20. Kc2
{[%clk 0:40:20]} Rad8 {[%clk 1:11:14]} 21. Qf4 {[%clk 0:39:12]} Ne6
{[%clk 1:08:57]} 22. Qh4 {[%clk 0:27:32]} Qc5 {[%clk 1:08:29]} 23. Kb1
{[%clk 0:23:20]} Nd4 {[%clk 1:01:38]} 24. Nc1 {[%clk 0:22:39]} Rfe8
{[%clk 0:55:27]} 25. Nd3 {[%clk 0:19:44]} Qa7 {[%clk 0:51:08]} 26. Nf4
{[%clk 0:12:59]} Qc5 {[%clk 0:49:42]} 27. Nd3 {[%clk 0:11:20]} Qf8
{[%clk 0:46:26]} 28. Nf4 {[%clk 0:09:26]} Ne6 {[%clk 0:36:16]} 29. Nd5
{[%clk 0:09:26]} Bxd5 {[%clk 0:34:05]} 30. cxd5 {[%clk 0:09:55]} Nc5
{[%clk 0:34:16]} 31. Bc4 {[%clk 0:09:14]} h6 {[%clk 0:33:47]} 32. Qd4
{[%clk 0:08:04]} Qd6 {[%clk 0:33:42]} 33. Bb5 {[%clk 0:07:20]} Re7
{[%clk 0:30:39]} 34. Bc6 {[%clk 0:07:19]} Ne6 {[%clk 0:29:41]} 35. Qc4
{[%clk 0:07:20]} Qc5 {[%clk 0:29:42]} 36. Qh4 {[%clk 0:06:22]} Ng5
{[%clk 0:28:53]} 37. Rc1 {[%clk 0:05:36]} Qe3 {[%clk 0:27:51]} 38. Qc4
{[%clk 0:05:42]} Qb6 {[%clk 0:23:11]} 39. h4 {[%clk 0:05:47]} Ngh7
{[%clk 0:22:38]} 40. h5 {[%clk 0:31:04]} Ng5 {[%clk 0:50:24]} 41. hxg6
{[%clk 0:29:28]} fxg6 {[%clk 0:50:24]} 42. Qh4 {[%clk 0:24:28]} Nf7
{[%clk 0:46:02]} 43. Rhd1 {[%clk 0:17:42]} Qe3 {[%clk 0:42:17]} 44. Nf1
{[%clk 0:16:18]} Qe5 {[%clk 0:41:05]} 45. Qc4 {[%clk 0:14:04]} Qf5+
{[%clk 0:40:22]} 46. Qc2 {[%clk 0:08:21]} Qxc2+ {[%clk 0:40:05]} 47. Rxc2
{[%clk 0:08:06]} Ne5 {[%clk 0:40:10]} 48. Bb7 {[%clk 0:07:46]} c5
{[%clk 0:35:09]} 49. Ba6 {[%clk 0:04:19]} Rd6 {[%clk 0:35:30]} 50. f4
{[%clk 0:03:31]} Neg4 {[%clk 0:33:16]} 51. Bc4 {[%clk 0:03:09]} Ne4
{[%clk 0:31:30]} 52. Nd2 {[%clk 0:02:41]} Ne3 {[%clk 0:31:10]} 53. Nxe4
{[%clk 0:02:55]} Rxe4 {[%clk 0:31:38]} 54. Re1 {[%clk 0:02:02]} Rxc4
{[%clk 0:31:00]} 55. Rxe3 {[%clk 0:02:30]} Rxc2 {[%clk 0:31:29]} 56. Kxc2
{[%clk 0:02:59]} Rxd5 {[%clk 0:31:43]} 57. b3 {[%clk 0:03:29]} Kf7
{[%clk 0:31:56]} 58. Rh3 {[%clk 0:03:24]} h5 {[%clk 0:32:07]} 59. g4
{[%clk 0:03:41]} Kf6 {[%clk 0:30:33]} 60. gxh5 {[%clk 0:04:00]} gxh5
{[%clk 0:31:02]} 61. Rh4 {[%clk 0:04:06]} Kg6 {[%clk 0:30:52]} 62. Rh3
{[%clk 0:03:57]} Rd4 {[%clk 0:30:19]} 63. Rg3+ {[%clk 0:03:36]} Kh6
{[%clk 0:30:03]} 64. Rf3 {[%clk 0:02:17]} h4 {[%clk 0:26:56]} 65. f5
{[%clk 0:02:43]} Rd7 {[%clk 0:27:15]} 66. f6 {[%clk 0:02:56]} Kg6
{[%clk 0:27:26]} 67. Rf4 {[%clk 0:03:06]} Rd4 {[%clk 0:27:38]} 68. Rf3
{[%clk 0:03:18]} Kf7 {[%clk 0:28:01]} 69. Rf5 {[%clk 0:03:40]} h3
{[%clk 0:23:33]} 70. Rh5 {[%clk 0:04:00]} c4 {[%clk 0:23:53]} 71. Rxh3
{[%clk 0:02:27]} c3 {[%clk 0:23:21]} 72. Rh5 {[%clk 0:02:56]} Rd2+
{[%clk 0:23:45]} 73. Kc1 {[%clk 0:03:25]} Rb2 {[%clk 0:23:22]} 74. Rxa5
{[%clk 0:03:53]} Rxb3 {[%clk 0:23:51]} 75. Rb5 {[%clk 0:04:09]} Rb2
{[%clk 0:23:57]} 76. Rb6 {[%clk 0:03:41]} b3 {[%clk 0:23:44]} 77. a5
{[%clk 0:03:50]} Rc2+ {[%clk 0:23:35]} 78. Kb1 {[%clk 0:04:12]} Ra2
{[%clk 0:22:25]} 79. Rxb3 {[%clk 0:04:34]} c2+ {[%clk 0:22:45]} 80. Kc1
{[%clk 0:05:03]} Rxa5 {[%clk 0:22:30]} 81. Kxc2 {[%clk 0:05:30]} Kxf6
{[%clk 0:22:56]} 1/2-1/2

[Event "2016 Girls Closed Championship"]
[Site "Manchester, NH"]
[Date "2016.06.27"]
[Round "5.1"]
[White "Xiang, Evan"]
[Black "Liu, Joanna"]
[Result "1/2-1/2"]
[BlackElo "1850"]
[WhiteElo "1806"]
[LiveChessVersion "1.4.8"]

1. d4 {[%clk 1:30:58]} Nf6 {[%clk 1:30:56]} 2. c4 {[%clk 1:31:25]} e6
{[%clk 1:31:22]} 3. Nc3 {[%clk 1:31:51]} Bb4 {[%clk 1:31:48]} 4. Qc2
{[%clk 1:32:16]} Nc6 {[%clk 1:32:13]} 5. Nf3 {[%clk 1:32:42]} d6 {[%clk 1:32:37]}
6. Bd2 {[%clk 1:33:01]} O-O {[%clk 1:32:43]} 7. a3 {[%clk 1:33:27]} Bxc3
{[%clk 1:33:08]} 8. Bxc3 {[%clk 1:33:51]} Qe7 {[%clk 1:32:25]} 9. e3
{[%clk 1:34:14]} e5 {[%clk 1:30:47]} 10. dxe5 {[%clk 1:34:39]} dxe5
{[%clk 1:31:10]} 11. h3 {[%clk 1:35:04]} a5 {[%clk 1:29:25]} 12. Be2
{[%clk 1:35:11]} b6 {[%clk 1:21:20]} 13. O-O {[%clk 1:33:47]} Bb7
{[%clk 1:20:54]} 14. Rfd1 {[%clk 1:32:41]} Rfd8 {[%clk 1:17:09]} 15. Rac1
{[%clk 1:29:17]} Nd7 {[%clk 1:10:37]} 16. Qb1 {[%clk 1:18:46]} a4
{[%clk 1:04:25]} 17. Bd3 {[%clk 1:15:27]} h6 {[%clk 1:01:41]} 18. Be4
{[%clk 1:11:49]} Na5 {[%clk 0:51:01]} 19. Bxb7 {[%clk 1:09:31]} Nxb7
{[%clk 0:51:12]} 20. Qe4 {[%clk 1:09:36]} Nbc5 {[%clk 0:49:38]} 21. Bb4
{[%clk 1:08:11]} Re8 {[%clk 0:44:20]} 22. Qc6 {[%clk 1:01:27]} Rac8
{[%clk 0:39:11]} 1/2-1/2

[Event "2016 Girls Closed Championship"]
[Site "Manchester, NH"]
[Date "2016.06.27"]
[Round "5.2"]
[White "Nguyen, Emily"]
[Black "Bykovtsev, Agata"]
[Result "1/2-1/2"]
[BlackElo "2158"]
[WhiteElo "1944"]
[LiveChessVersion "1.4.8"]

1. d4 {[%clk 1:30:57]} Nf6 {[%clk 1:30:59]} 2. Bg5 {[%clk 1:31:23]} Ne4
{[%clk 1:31:21]} 3. Bf4 {[%clk 1:31:50]} c5 {[%clk 1:31:45]} 4. d5
{[%clk 1:32:08]} Qa5+ {[%clk 1:29:17]} 5. c3 {[%clk 1:25:21]} e6 {[%clk 1:28:01]}
6. f3 {[%clk 1:19:31]} Nf6 {[%clk 1:28:22]} 7. e4 {[%clk 1:17:01]} exd5
{[%clk 1:28:42]} 8. exd5 {[%clk 1:17:25]} d6 {[%clk 1:28:56]} 9. Qe2+
{[%clk 1:13:29]} Be7 {[%clk 1:28:46]} 10. Bxd6 {[%clk 1:11:07]} Nxd5
{[%clk 1:29:09]} 11. Na3 {[%clk 1:07:26]} Be6 {[%clk 1:21:53]} 12. Bxe7
{[%clk 1:00:42]} Nxe7 {[%clk 1:22:17]} 13. Qb5+ {[%clk 1:00:17]} Nbc6
{[%clk 1:17:22]} 14. Qxa5 {[%clk 0:59:51]} Nxa5 {[%clk 1:17:50]} 15. Nb5
{[%clk 0:59:24]} Kd7 {[%clk 1:15:48]} 16. O-O-O+ {[%clk 0:59:33]} Kc8
{[%clk 1:16:14]} 17. Nd6+ {[%clk 0:58:25]} Kc7 {[%clk 1:15:09]} 18. b3
{[%clk 0:56:47]} a6 {[%clk 1:12:27]} 19. Ne4 {[%clk 0:55:44]} c4 {[%clk 1:09:22]}
20. b4 {[%clk 0:52:26]} Nac6 {[%clk 1:09:39]} 21. Ne2 {[%clk 0:52:33]} Rhd8
{[%clk 0:58:14]} 22. Rxd8 {[%clk 0:47:07]} Rxd8 {[%clk 0:58:42]} 23. Nf4
{[%clk 0:47:24]} b5 {[%clk 0:46:58]} 24. Nxe6+ {[%clk 0:45:28]} fxe6
{[%clk 0:47:26]} 25. Nc5 {[%clk 0:42:56]} Kb6 {[%clk 0:44:48]} 26. Nxe6
{[%clk 0:41:39]} Rd6 {[%clk 0:45:16]} 27. Nc5 {[%clk 0:40:22]} a5
{[%clk 0:44:45]} 28. Ne4 {[%clk 0:39:49]} Rd8 {[%clk 0:43:40]} 29. a3
{[%clk 0:38:40]} axb4 {[%clk 0:43:31]} 30. axb4 {[%clk 0:39:04]} Nd5
{[%clk 0:43:38]} 31. g3 {[%clk 0:37:34]} Ne3 {[%clk 0:43:33]} 32. Be2
{[%clk 0:34:58]} Ne5 {[%clk 0:28:34]} 33. Re1 {[%clk 0:29:50]} Re8
{[%clk 0:20:16]} 34. Kd2 {[%clk 0:24:35]} Nd5 {[%clk 0:18:24]} 35. Rd1
{[%clk 0:22:01]} Ra8 {[%clk 0:14:24]} 36. Ke1 {[%clk 0:19:22]} Kc6
{[%clk 0:12:20]} 37. f4 {[%clk 0:15:03]} Nd7 {[%clk 0:12:07]} 38. Bf3
{[%clk 0:09:07]} N7b6 {[%clk 0:11:30]} 39. Nc5 {[%clk 0:01:16]} Ra3
{[%clk 0:07:33]} 40. Ne6 {[%clk 0:31:07]} Rxc3 {[%clk 0:35:44]} 41. Nd4+
{[%clk 0:31:30]} Kd7 {[%clk 0:34:44]} 42. Bxd5 {[%clk 0:31:10]} Nxd5
{[%clk 0:35:12]} 43. Nxb5 {[%clk 0:31:29]} Rd3 {[%clk 0:35:37]} 44. Rxd3
{[%clk 0:31:12]} cxd3 {[%clk 0:36:05]} 45. Kd2 {[%clk 0:31:14]} Nxb4
{[%clk 0:36:34]} 46. Kc3 {[%clk 0:31:39]} d2 {[%clk 0:34:30]} 47. Kxd2
{[%clk 0:32:03]} Ke6 {[%clk 0:34:33]} 48. Nd4+ {[%clk 0:32:15]} Kf6
{[%clk 0:34:42]} 49. Ke3 {[%clk 0:32:36]} Nd5+ {[%clk 0:33:45]} 50. Kf3
{[%clk 0:32:12]} h5 {[%clk 0:31:50]} 51. h3 {[%clk 0:31:40]} g5 {[%clk 0:22:05]}
52. Ke4 {[%clk 0:31:19]} Nc3+ {[%clk 0:22:16]} 53. Kd3 {[%clk 0:31:43]} Nd1
{[%clk 0:22:06]} 54. Ke2 {[%clk 0:31:28]} Nc3+ {[%clk 0:22:29]} 55. Kf3
{[%clk 0:31:40]} Nd5 {[%clk 0:22:45]} 56. fxg5+ {[%clk 0:30:58]} Kxg5
{[%clk 0:23:08]} 57. Ne6+ {[%clk 0:31:08]} Kf5 {[%clk 0:21:51]} 58. Nf4
{[%clk 0:31:19]} Nf6 {[%clk 0:22:12]} 59. Nxh5 1/2-1/2

[Event "2016 Girls Closed Championship"]
[Site "Manchester, NH"]
[Date "2016.06.27"]
[Round "5.3"]
[White "Yip, Carissa"]
[Black "Wang, Annie"]
[Result "1-0"]
[BlackElo "2061"]
[WhiteElo "2196"]
[LiveChessVersion "1.4.8"]

1. e4 {[%clk 1:30:58]} e6 {[%clk 1:29:16]} 2. d4 {[%clk 1:31:08]} d5
{[%clk 1:29:41]} 3. Nd2 {[%clk 1:31:28]} c5 {[%clk 1:30:05]} 4. exd5
{[%clk 1:31:51]} Qxd5 {[%clk 1:30:31]} 5. Ngf3 {[%clk 1:32:14]} cxd4
{[%clk 1:30:54]} 6. Bc4 {[%clk 1:32:38]} Qd6 {[%clk 1:31:18]} 7. O-O
{[%clk 1:32:53]} Nf6 {[%clk 1:31:43]} 8. Nb3 {[%clk 1:32:27]} Nc6
{[%clk 1:32:05]} 9. Nbxd4 {[%clk 1:32:40]} Nxd4 {[%clk 1:32:26]} 10. Nxd4
{[%clk 1:33:07]} a6 {[%clk 1:32:43]} 11. Re1 {[%clk 1:33:29]} Qc7
{[%clk 1:33:06]} 12. Bf1 {[%clk 1:32:23]} Bd6 {[%clk 1:32:23]} 13. Nf5
{[%clk 1:32:34]} Bxh2+ {[%clk 1:32:31]} 14. Kh1 {[%clk 1:32:59]} Kf8
{[%clk 1:32:52]} 15. Qd4 {[%clk 1:30:48]} h6 {[%clk 1:21:09]} 16. Qb4+
{[%clk 1:10:35]} Kg8 {[%clk 1:19:33]} 17. Ne7+ {[%clk 1:10:52]} Kh7
{[%clk 1:14:59]} 18. Bd3+ {[%clk 1:09:53]} g6 {[%clk 1:14:12]} 19. Nxc8
{[%clk 1:05:25]} Nd5 {[%clk 0:39:32]} 20. Qh4 {[%clk 0:45:27]} Be5
{[%clk 0:36:38]} 21. Ne7 {[%clk 0:23:34]} Nxe7 {[%clk 0:36:41]} 22. Rxe5
{[%clk 0:23:59]} Qxe5 {[%clk 0:35:03]} 23. Qxe7 {[%clk 0:24:16]} Qh5+
{[%clk 0:27:04]} 24. Kg1 {[%clk 0:24:26]} Qd1+ {[%clk 0:23:52]} 25. Bf1
{[%clk 0:22:20]} Kg8 {[%clk 0:22:49]} 26. Qxb7 {[%clk 0:16:36]} Rd8
{[%clk 0:22:14]} 27. Qc7 {[%clk 0:15:24]} Rd5 {[%clk 0:15:00]} 28. b3
{[%clk 0:10:28]} Qd4 {[%clk 0:11:52]} 29. Rb1 {[%clk 0:10:49]} e5
{[%clk 0:10:31]} 30. Bb2 {[%clk 0:08:06]} Qf4 {[%clk 0:09:08]} 31. Bc4
{[%clk 0:08:16]} Rd2 {[%clk 0:08:05]} 32. Rf1 {[%clk 0:08:34]} Kh7
{[%clk 0:03:56]} 33. Bxe5 {[%clk 0:08:06]} Qf5 {[%clk 0:03:54]} 34. Bxh8
{[%clk 0:08:12]} 1-0